| 000 | 00584nam a2200121Ia 4500 | ||
|---|---|---|---|
| 008 | 220620s9999||||xx |||||||||||||| ||und|| | ||
| 100 | _aHiggins, Steve||Pickard, Nick||Race, Phil | ||
| 245 | 0 | _a500 ICT Tips for Primary Teachers | |
| 546 | _aEnglish[eng] | ||
| 650 | _afloor||robots||key||stage||national||grid||learning||concept||keyboard||floppy | ||
| 856 | _uhttps://library.oapen.org/bitstream/20.500.12657/24317/1/1005814.pdf||https://library.oapen.org/bitstream/20.500.12657/24317/1/1005814.pdf||https://library.oapen.org/bitstream/20.500.12657/24317/1/1005814.pdf | ||
| 942 | _cEB | ||
| 999 |
_c22939 _d22939 |
||